| 000 | 00000nam 2200000za 4500 |
| 001 | 9.853508 |
| 003 | CaOODSP |
| 005 | 20221107154837 |
| 007 | cr ||||||||||| |
| 008 | 180313s2018 onca os f000 0 eng d |
| 020 | |a9780660257341 |
| 040 | |aCaOODSP|beng |
| 043 | |an-cn--- |
| 086 | 1 |aCS11-627/2018-7E-PDF |
| 245 | 03|aAn overview of Canada’s forest resources |h[electronic resource]. |
| 260 | |a[Ottawa] : |bStatistics Canada, |c[2018] |
| 300 | |a[1] p. : |bcol. ill. |
| 500 | |aIssued also in French under title: Un aperçu des ressources forestières du Canada. |
| 500 | |aCaption title. |
| 520 | |a"This infographic presents some of the highlights from the publication Human Activity and the Environment, 2017: Forests in Canada (Catalogue no. 16-201-X). It includes multiple components including a map, graphs, pictographs and facts about Canada’s forests and the disturbances that affect them"--Provided by publisher. |
| 692 | 07|2gccst|aForests |
| 692 | 07|2gccst|aStatistics |
| 710 | 2 |aStatistics Canada. |
| 775 | 08|tUn aperçu des ressources forestières du Canada |w(CaOODSP)9.853509 |
| 856 | 40|qPDF|s8.44 MB|uhttps://publications.gc.ca/collections/collection_2018/statcan/11-627-m/11-627-m2018007-eng.pdf |
| 986 | |a11-627-M |